000 002980000a22000970004500
100 1 _aPieters, Tracey
245 1 0 _aWho'd ever live in Mexico city? Finding joy in missionary service
300 _aVol. 78, Num. 3 (Julio-Septiembre,1988), Página 23
773 0 _tLatin America Evangelist
942 _cANA
999 _c55142
_d55142